000 005160000a22001810004500
003 MACL
005 20160302133559.0
008 160302b xxu||||| |||| 00| 0 eng d
040 _aMACL
_cMACL
041 _aHindi
082 _a891.431
100 _aप्रसाद जयशंकर
_941425
245 _aझरना
260 _bराष्‍ट्रभाषा प्रकाशन
_c1988
_aनई दिल्‍ली
350 _a20
650 _aPoetry
_942016
942 _cHIN
_k891.431
_2ddc
999 _c29132
_d29132